Fotogrametrická rekonštrukcia fasád s plochými textúrami
Salvato in:
| Autore principale: | |
|---|---|
| Altri autori: | |
| Natura: | Manoscritto Libro |
| Lingua: | slovacco |
| Pubblicazione: |
2022
|
| Soggetti: | |
| Accesso online: | http://is.stuba.sk/zp/portal_zp.pl?podrobnosti=162321 https://opac.crzp.sk/?fn=detailBiblioForm&sid=D9F0BB0A8DA9926981A196D31B33 |
| Tags: |
Nessun Tag, puoi essere il primo ad aggiungerne!!
|
MARC
| LEADER | 00000ntm a22000003a 4500 | ||
|---|---|---|---|
| 001 | stuzp89858 | ||
| 003 | SK-STU | ||
| 005 | 20230505134955.0 | ||
| 007 | ta | ||
| 008 | 150427s2015----xo-----f-mn---000-0-slo-d | ||
| 040 | |a STU |b slo | ||
| 041 | 0 | |a slo | |
| 100 | 1 | |a Kozic, Martin |u 010140 |k Z4 |4 aut |U SvF Stavebná fakulta |T SvF Katedra geodézie |X 92957 |U V140 |Y 14 |7 92957 | |
| 242 | 0 | 1 | |a Photogrammetric reconstruction of facades with flat textures |y eng |
| 245 | 1 | 0 | |a Fotogrametrická rekonštrukcia fasád s plochými textúrami |
| 260 | |c 2022 | ||
| 650 | 4 | |a fotogrametrické skenovanie |2 slo | |
| 650 | 4 | |a rekonštrukcia scény |2 slo | |
| 650 | 4 | |a blízka fotogrametria |2 slo | |
| 650 | 4 | |a SfM |2 slo | |
| 650 | 4 | |a fotogrametrické systémy |2 slo | |
| 650 | 4 | |a photogrammetric scanning |2 eng | |
| 650 | 4 | |a SfM |2 eng | |
| 650 | 4 | |a scene reconstruction |2 eng | |
| 650 | 4 | |a photogrammetric systems |2 eng | |
| 650 | 4 | |a close-range photogrammetry |2 eng | |
| 700 | 1 | |a Fraštia, Marek |u 010140 |k Z1 |4 ths |U SvF Stavebná fakulta |T SvF Katedra geodézie |X 930 |U V140 |Y 14 |7 A000000930 | |
| 856 | 4 | |u http://is.stuba.sk/zp/portal_zp.pl?podrobnosti=162321 | |
| 856 | 4 | |u https://opac.crzp.sk/?fn=detailBiblioForm&sid=D9F0BB0A8DA9926981A196D31B33 | |